| 000 | 00817nam a22002657a 4500 | ||
|---|---|---|---|
| 003 | CHAP | ||
| 005 | 20220329134740.0 | ||
| 008 | 971013s1939 it r 00010 eng d | ||
| 010 | _a25223 | ||
| 011 | _a26195 | ||
| 035 | _a30295 | ||
| 040 | _cCHAP | ||
| 082 | 0 | 4 |
_a630.16 _bI4 1939 |
| 110 | 1 |
_aInstituto Internacional de Agricultura _959225 |
|
| 245 | 1 | _aBibliography of tropical agriculture | |
| 260 |
_aRome : _bInstituto International de Agricultura, _c1939 |
||
| 300 | _a497 p | ||
| 590 |
_aBATCH-UPD _b10 _c20130110 _lUCH01 _h2115 |
||
| 590 |
_aBATCH-UPD _b10 _c20130410 _lUCH01 _h1425 |
||
| 590 |
_aCONVERSION _b10 _c20130109 _lUCH01 _h1315 |
||
| 650 | 1 | 4 |
_aAgricultura _xBibliografia _xTropicos. _91336 |
| 901 | _aBK | ||
| 942 | _cLIBRO | ||
| 949 |
_a630.16 I4 1939 _bBC _cC _d33724000534830 _eC _h17335 _i30295 _mD _si |
||
| 999 |
_c25223 _d25223 |
||